| 000 | 00349nam a2200121Ia 4500 | ||
|---|---|---|---|
| 999 |
_c3337 _d3337 |
||
| 008 | 200103s 2004 ||||xx |||||||||||||| ||und|| | ||
| 020 | _a9789280141856 | ||
| 100 | _aIMO | ||
| 245 | 0 | _aResolutions and other decisions of the 23rd assembly : (24 November - 5 December 2003) | |
| 260 |
_bIMO _c2004 _aLondon |
||
| 300 | _avi, 268p. | ||
| 942 | _cBK | ||